000 00324nam a2200133Ia 4500
005 20251222151338.0
008 251222s9999||||xx |||||||||||||| ||spa||
082 _a800/V75/T.I
100 _aViscardo, Juan Pablo y Guzmán
245 0 _aObra Completa I
250 _a1ra. ed.
264 _bCongreso del Perú
942 _cLIB
999 _c24351
_d24351